LDR 01071naa#a2200193#i#450# 001 RU\\bibl\117794 005 20260605031426.5 011 ## _a2500-4026 100 ## _a20240329b2024####ek#y0rusy0150####ca 101 0# _aRUS 102 ## _aRU 200 1# _aАЛГОРИТМ ИНТЕЛЛЕКТУАЛЬНОЙ ПОДДЕРЖКИ ПРИНЯТИЯ ОРГАНИЗАЦИОННО-ПРОЕКТНЫХ РЕШЕНИЙ ПО УПРАВЛЕНИЮ ЭФФЕКТИВНОСТЬЮ ЭВАКУАЦИИ ИЗ УЧРЕЖДЕНИЙ КЛУБНОГО ТИПА _eЖурнальная статья 210 1# _aЖелезногорск _cФГБОУ ВО Сибирская пожарно-спасательная академия ГПС МЧС России _d2024 215 ## _a13 с. 608 ## _aЖурнальная статья _2local 675 ## _aПланирование эксперимента. 519.242 _aЦифровое имитирование и моделирование систем. 519.876.5 _zRUS 700 #1 _aДжафарова _gА А 700 #1 _aМатвеев _gА В 856 4# _aapbt-sibpsa.editorum.ru _u